| 000 | 00801nam a2200217Ii 4500 | ||
|---|---|---|---|
| 003 | JO-AjNU | ||
| 008 | 230605s9999||||xx |||||||||||||| ||und|| | ||
| 017 | _a2007/4/987 | ||
| 020 | _a978-9957-05-156-3 | ||
| 040 |
_aJO-AjNU _bara _erda _cJO-AjNU |
||
| 041 | _aara | ||
| 050 | 1 | 4 | _aPJ6151.A287 2007 |
| 100 | 3 |
_aأبو شهاب، حمدة عبدالله, _eauthor _914888 |
|
| 245 | 0 | 0 | _aالجواز وعدمه في أحكام النحويين من سيبويه حتى القرن الرابع الهجري |
| 264 | 3 | 1 | _aعمان: دار الضياء للنشر والتوزيع، 2007 |
| 300 | _a136ص | ||
| 336 |
_atext _btxt _2rdacontent |
||
| 337 |
_aunmediated _bn _2rdamedia |
||
| 338 |
_avolume _bnc _2rdacarrier |
||
| 650 | 4 |
_aقواعد اللغة-اللغة العربية-النحو _914889 |
|
| 999 |
_aA4077 _c7645 _d7645 |
||